000 01168cam a22001934a 4500
005 20250605164336.0
008 250528s ||||||||||||||||||||||||d
035 _a23437
040 _aGR-AtMCL
_bgre
_dGR-AtMCL
_eAACR2
245 1 _aThe Antecedents and Outcomes of Sports Sponsorships: A Study on the Fans of Panthinaikos BC
260 _c2018
300 _a66
520 _aAcknowledgements, Introduction, Research Question and Objectives and Hypotheses, Literature Review: Sponsorship and Marketing, Marketing Communication, Definition of Sponsorship, Sponsorsip: The Early Stages, Why Sponsorships are so Effective?, Top Sponsorship Deals in Basketball and Worldwide Breakdown, Sponsorships of Panathinaikos B.C., Hypotheses Development, Conceptual Framework, Research Design and Methodology, Reliability Analysis, Statistical Analysis, Discussion and Conclusions and Recommendations, Scientific Implications, Managerial Implications and Recommendations, Limitations and Future Research, Personal Reflection, References.
700 1 _aKeramas Michail
_99001
700 1 _aKyriakopoulos Nicholas
_99002
942 _cDS
999 _c8447
_d8447